Die Diskussion um die Erneuerung der Rechtswissenschaft von 1780-1815.
I tiakina i:
| Kaituhi matua: | |
|---|---|
| Hōputu: | Pukapuka |
| I whakaputaina: |
Berli, Deutschland:
Duncker & Humblot,
1978.
|
| Rangatū: | Schriften zur Rechtsgeschichte,
|
| Ngā marau: | |
| Ngā Tūtohu: |
Tāpirihia he Tūtohu
Kāore He Tūtohu, Me noho koe te mea tuatahi ki te tūtohu i tēnei pūkete!
|
MARC
| LEADER | 00000nam a22000007a 4500 | ||
|---|---|---|---|
| 003 | CL-VaPUC | ||
| 005 | 20240820130605.0 | ||
| 008 | 220805t1978 ||||| |||| 00| 0 eng d | ||
| 020 | |a 3-428-04099-6 | ||
| 040 | |c Pontificia Universidad Católica de Valparaíso | ||
| 082 | 7 | |a 340.1 STU 1978 |2 22 | |
| 100 | 1 | |a Stühler, Hans-Ulrich |e autor |9 874942 | |
| 245 | |a Die Diskussion um die Erneuerung der Rechtswissenschaft von 1780-1815. | ||
| 260 | |a Berli, Deutschland: |b Duncker & Humblot, |c 1978. | ||
| 300 | |a 245 páginas. | ||
| 490 | |a Schriften zur Rechtsgeschichte, |n 15. | ||
| 500 | |a c.1 Donación Familia Prof. Alejandro Guzmán Brito. | ||
| 583 | |c 20220805 |k Cristina María Rojas Aguilar | ||
| 650 | |a Derecho |x Filosofía |9 866192 | ||
| 650 | |a Derecho |x Metodología |9 869334 | ||
| 942 | |2 ddc |c BK |n 0 | ||
| 999 | |c 438047 |d 438045 | ||
| 952 | |0 0 |1 0 |2 ddc |4 0 |6 340_100000000000000_STU_1978 |7 0 |8 C_AGB |9 585921 |a BIBDER |b BIBDER |d 2022-08-05 |e Donación |i 5653861 |o 340.1 STU 1978 |p 5653861 |r 2023-01-25 |t 1 |w 2022-08-05 |y BK_US |k AGB | ||